| 000 | 00504nam a22001817a 4500 | ||
|---|---|---|---|
| 003 | NUST | ||
| 005 | 20230301105746.0 | ||
| 008 | 190717b ||||| |||| 00| 0 eng d | ||
| 020 | _qHardcover. | ||
| 038 | _aMr. Zahoor | ||
| 082 | _a658 | ||
| 100 |
_aNasir, Ahmed _917886 |
||
| 245 |
_aEffect of Foreign Exchange Rate Exposure On Pakistan s Banking Sector _cAhmed Nasir |
||
| 260 |
_aIslamabad : _bNBS - NUST, _c2013. |
||
| 300 |
_a35 p. ; _c30cm. |
||
| 650 |
_aMBA Thesis _917629 |
||
| 942 |
_2ddc _cTHE |
||
| 999 |
_c526882 _d526882 |
||